[Event "Asian Games Men Team 2023"]
[Site "Hangzhou CHN"]
[Date "2023.09.29"]
[Round "1.5"]
[White "Bersamina,Paulo"]
[Black "Wei Yi"]
[Result "0-1"]
[WhiteElo "2434"]
[BlackElo "2726"]

1.e4 c5 2.Nf3 Nc6 3.d4 cxd4 4.Nxd4 Nf6 5.Nc3 e5 6.Ndb5 d6 7.Bg5 a6 8.Bxf6 gxf6
9.Na3 f5 10.Bd3 Rg8 11.g3 fxe4 12.Bxe4 Be6 13.O-O Rg4 14.f3 Rg7 15.Kh1 Qa5
16.Bd5 Be7 17.f4 exf4 18.Rxf4 O-O-O 19.Qf3 Kb8 20.Rd1 Ne5 21.Qg2 Rg4 22.Rdd4 Rxf4
23.Rxf4 Rc8 24.Bxe6 fxe6 25.Nab1 Qb6 26.Nd1 h5 27.Nbc3 d5 28.Qe2 Qd6 29.Qxh5 d4
30.Ne4 Qd5 31.Qe2 Qxa2 32.Nef2 Qd5+ 33.Qe4 Qb5 34.Nd3 Nxd3 35.cxd3 Rc1 36.Rf1 Rc2
37.h4 Bd6 38.Qf3 Qe5 39.Rg1 Ka7 40.Nf2 Qe3 41.Kg2 Rxb2 42.h5 a5 43.Ra1 Qg5
44.Rh1 Qh6 45.Kh3 Rb5 46.g4 a4 47.Ne4 Be7 48.Ra1 a3 49.g5 Qh7 50.Nf6 Bxf6
51.Rxa3+ Kb6 52.Qg4 Rxg5 53.Qxe6+ Kc7 54.Qc4+ Kb8  0-1

[Event "Asian Games Men Team 2023"]
[Site "Hangzhou CHN"]
[Date "2023.09.30"]
[Round "2.5"]
[White "Wei Yi"]
[Black "Le,Quang Liem"]
[Result "1/2-1/2"]
[WhiteElo "2726"]
[BlackElo "2733"]

1.e4 e5 2.Bc4 Nf6 3.d3 Nc6 4.Nc3 Bb4 5.Nf3 d6 6.O-O Bxc3 7.bxc3 O-O 8.h3 h6
9.Be3 Be6 10.Bb3 d5 11.exd5 Nxd5 12.Bd2 Re8 13.Re1 Qf6 14.Rb1 Nb6 15.c4 Rad8
16.c5 Nd7 17.Bxe6 Rxe6 18.Rxb7 e4 19.dxe4 Nxc5 20.Rxc7 Rxe4 21.Qc1 Qd6 22.Rxe4 Nxe4
23.Bf4 Qe6 24.Qe1 a5 25.Nd2 Rd4 26.Nb3 Ra4 27.f3 Ng5 28.Bg3 Nb4 29.h4 Qxe1+
30.Bxe1 Ne6 31.Ra7 Nxc2 32.Rxa5 Rc4 33.Bf2 Rc3 34.Nc5 Ned4 35.Ne4 Rd3 36.Ra8+ Kh7
37.Ra7 Kg8 38.Ra8+ Kh7 39.Ra7 Kg8 40.a4 f5 41.Nc5 Rd1+ 42.Kh2 Rd2 43.Bxd4 Nxd4
44.a5 Nxf3+ 45.Kg3 Ne1 46.a6 g5 47.hxg5 hxg5 48.Re7 Rxg2+ 49.Kh3 g4+ 50.Kh4 Nf3+
51.Kh5 g3 52.Kg6 Nh4+ 53.Kf6 Ra2 54.Rg7+ Kh8 55.Rxg3 Ra5 56.Rc3 f4 57.Kf7 f3
58.Rc4 Nf5 59.Rc1 Kh7 60.Kf6 Ng3 61.Rc2 Rxc5 62.Rxc5 Ne4+ 63.Ke5 Nxc5 64.a7 Nd7+
65.Kd6 Nb6 66.Kc6 Na8 67.Kb7 f2 68.Kxa8 f1=Q 69.Kb7 Qb5+ 70.Ka8 Qc6+ 71.Kb8 Qb6+
72.Ka8 Qc7  1/2-1/2

[Event "Asian Games Men Team 2023"]
[Site "Hangzhou CHN"]
[Date "2023.10.01"]
[Round "3.1"]
[White "Maghsoodloo,Parham"]
[Black "Wei Yi"]
[Result "1-0"]
[WhiteElo "2707"]
[BlackElo "2726"]

1.d4 Nf6 2.c4 e6 3.Nf3 d5 4.g3 Be7 5.Bg2 O-O 6.O-O dxc4 7.Qc2 a6 8.a4 Bd7
9.Qxc4 Bc6 10.Bf4 Bd6 11.Qc1 Nbd7 12.Nc3 b5 13.Rd1 b4 14.Nb1 Bd5 15.Ne5 Bxg2
16.Kxg2 Rc8 17.Nd2 c5 18.Ndc4 cxd4 19.Nxd7 Bxf4 20.Qxf4 Qxd7 21.Rxd4 Qc6+
22.Kg1 Rfd8 23.Nd6 Rc7 24.Rc4 Qd7 25.Rxc7 Qxc7 26.Rc1 Qe7 27.Nc8 Qb7 28.Nd6 Qe7
29.Rc8 Rxc8 30.Nxc8 Qc5 31.Nd6 h5 32.Nc4 Ng4 33.b3 e5 34.Qf3 e4 35.Qg2 Qd4
36.Qf1 h4 37.h3 Nf6 38.e3 Qc3 39.Qd1 hxg3 40.fxg3 Kh7 41.Kg2 Ng8 42.g4 Ne7
43.h4 Qf6 44.Kg3 Ng6 45.Qh1 Qc6 46.h5 Ne7 47.Qf1 f5 48.g5 g6 49.hxg6+ Qxg6
50.Qh1+ Kg8 51.Kf4 Qe6 52.Qd1 Nd5+ 53.Kg3 f4+ 54.exf4 e3 55.Ne5 Kf8 56.Qd3 a5
57.Qg6 e2 58.Kf2 Nxf4 59.Qxe6 Nxe6 60.Nc6 Nxg5 61.Kxe2 Kf7 62.Kd3 Nf3 63.Nxa5 Ne5+
64.Kd4 Ke6 65.Kc5 Kd7 66.Kxb4 Kc7 67.Kb5 Nf3 68.Nc6 Nd2 69.Nd4 Ne4 70.a5 Nc3+
71.Kc4 Ne4 72.b4 Kb7 73.b5 Nd6+ 74.Kb4 Ne4 75.Nf5 Kc7 76.Ne3 Nf6 77.a6 Kb6
78.Nc4+ Kc7 79.Ne3 Kb6 80.Kc4 Nd7 81.Nd5+ Ka7 82.Kb4 Ne5 83.Ne3 Nf3 84.Ka5 Nd4
85.b6+ Kb8 86.Nd5  1-0

[Event "Asian Games Men Team 2023"]
[Site "Hangzhou CHN"]
[Date "2023.10.02"]
[Round "4.13"]
[White "Wei Yi"]
[Black "Jumabayev,R"]
[Result "1-0"]
[WhiteElo "2726"]
[BlackElo "2585"]

1.d4 d5 2.c4 c6 3.Nf3 Nf6 4.Nc3 e6 5.cxd5 exd5 6.Bg5 Bf5 7.Qb3 Qb6 8.Bxf6 gxf6
9.e3 Nd7 10.Kd2 a5 11.Bd3 Bg6 12.Rhd1 a4 13.Qxb6 Nxb6 14.b3 Kd7 15.Ne1 Bd6
16.Nc2 Ra7 17.Rab1 axb3 18.axb3 Rha8 19.g4 Rg8 20.h3 Ke6 21.Rg1 Raa8 22.e4 dxe4
23.Bxe4 Rgd8 24.Ra1 Rxa1 25.Rxa1 f5 26.Bxf5+ Bxf5 27.Re1+ Kf6 28.gxf5 Bf4+
29.Kd3 Kxf5 30.Ne3+ Bxe3 31.fxe3 Nd7 32.Rg1 h6 33.Ne2 Nc5+ 34.Kc4 Ne4 35.Rg4 Re8
36.Rg2 Ng5 37.Ng3+ Ke6 38.h4 Nf3 39.Ne4 Ke7 40.h5 Kf8 41.Rg4 Ne1 42.Nf6 Re6
43.Nd7+ Ke7 44.Ne5 Nc2 45.Rg7 Rf6 46.e4 Na3+ 47.Kc5 Nb5 48.d5 Nc3 49.Ng6+ Ke8
50.e5 Rf1 51.Rg8+ Kd7 52.e6+ fxe6 53.Ne5+ Ke7 54.d6+ Kf6 55.Nd7+  1-0

[Event "Asian Games Men Team 2023"]
[Site "Hangzhou CHN"]
[Date "2023.10.03"]
[Round "5.5"]
[White "Abdusattorov,Nodirbek"]
[Black "Wei Yi"]
[Result "1/2-1/2"]
[WhiteElo "2716"]
[BlackElo "2726"]

1.e4 e5 2.Nf3 Nc6 3.Bb5 Nf6 4.d3 Bc5 5.Ba4 d6 6.O-O h6 7.c3 O-O 8.h3 Ne7
9.d4 Bb6 10.Bc2 Ng6 11.Nbd2 c6 12.Re1 Bc7 13.a4 Re8 14.b4 d5 15.exd5 exd4
16.Rxe8+ Qxe8 17.c4 a5 18.Bb2 Nf4 19.Qf1 axb4 20.Re1 Qd8 21.Bxd4 Bd7 22.Bc5 Qb8
23.Bd4 Qd8 24.Bc5 Qb8 25.Be7 Bd8 26.Bxb4 cxd5 27.Bc3 Ra6 28.Bxf6 Rxf6 29.Ne5 Qc8
30.Nxd7 Qxd7 31.cxd5 Rd6 32.Nf3 Bf6 33.Qc4 Nxd5 34.Bb3 Nc7 35.h4 Ne6 36.h5 Qc6
37.Qg4 Nc5 38.Rc1 b6 39.Ba2 Qxa4 40.Qxa4 Nxa4 41.Rc8+ Rd8 42.Rc7 Rf8 43.Rb7 b5
44.g3 Nc3 45.Bb3 Ne2+ 46.Kg2 Nd4 47.Nxd4 Bxd4 48.f4 Bf6 49.Kf3 b4 50.Kg4 Bc3
51.Kf5 Kh7 52.g4 Bd2 53.Rd7 Bc1 54.Rc7 Bd2 55.Re7 Bc1 56.Rb7 Bd2 57.Bxf7 b3
58.g5 hxg5 59.fxg5 b2 60.g6+ Kh6 61.Rxb2 Bg5 62.Rb3  1/2-1/2

[Event "Asian Games Men Team 2023"]
[Site "Hangzhou CHN"]
[Date "2023.10.05"]
[Round "7.13"]
[White "Wei Yi"]
[Black "Laohawirapap,Prin"]
[Result "1-0"]
[WhiteElo "2726"]
[BlackElo "2329"]

1.e4 c5 2.Nf3 d6 3.d4 cxd4 4.Nxd4 Nf6 5.Nc3 g6 6.Be3 Bg7 7.f3 a6 8.Qd2 h5
9.Be2 Nbd7 10.h3 b6 11.O-O-O Bb7 12.g4 Qc7 13.g5 Nh7 14.f4 Nc5 15.Bf3 e5
16.Nde2 Rd8 17.Rhf1 exf4 18.Nxf4 O-O 19.Nfd5 Bxd5 20.Nxd5 Qa7 21.Bd4 Rfe8
22.Nf6+ Nxf6 23.gxf6 Bf8 24.Kb1 Kh7 25.Qf2 Bh6 26.Qh4 Ne6 27.Bc3 Bg5 28.Qe1 b5
29.Rd5 Qe3 30.Qd1 Qb6 31.Bxh5 b4 32.Bd2 Bxd2 33.Qxd2 Nc5 34.Bxg6+ fxg6 35.Rh5+ gxh5
36.Qg5 Ne6 37.Qxh5+ Kg8 38.f7+  1-0

[Event "Asian Games Men Team 2023"]
[Site "Hangzhou CHN"]
[Date "2023.10.06"]
[Round "8.13"]
[White "Orozbaev,Eldiar"]
[Black "Wei Yi"]
[Result "0-1"]
[WhiteElo "2286"]
[BlackElo "2726"]

1.e4 g6 2.d4 Bg7 3.Nc3 c6 4.Be3 d5 5.f3 Qb6 6.Qd2 Qxb2 7.Rb1 Qa3 8.exd5 Nf6
9.dxc6 bxc6 10.Bc4 Nbd7 11.Nge2 Nb6 12.Bb3 O-O 13.Ne4 Nfd5 14.Bh6 Ba6 15.h4 Nc4
16.Bxc4 Bxc4 17.Bxg7 Kxg7 18.h5 Qe3 19.Qxe3 Nxe3 20.Kd2 Nxg2 21.N4g3 g5 22.Rb7 Nh4
23.Ke3 h6 24.f4 e6 25.Rhb1 Bxa2 26.Ra1 Bd5 27.fxg5 hxg5 28.Raxa7 Rxa7 29.Rxa7 Kh6
30.Kf2 f5 31.Nf1 f4 32.Nh2 Kxh5 33.Nc1 Be4 34.Nd3 Bxd3 35.cxd3 Rb8  0-1

[Event "Asian Games Men Team 2023"]
[Site "Hangzhou CHN"]
[Date "2023.10.07"]
[Round "9.13"]
[White "Wei Yi"]
[Black "Bilguun,Sumiya"]
[Result "1-0"]
[WhiteElo "2726"]
[BlackElo "2456"]

1.e4 c5 2.Nf3 a6 3.g3 Nc6 4.Bg2 Nf6 5.d4 cxd4 6.Nxd4 Qc7 7.O-O e6 8.Nc3 Nxd4
9.Qxd4 Bc5 10.Bf4 d6 11.Qd3 h6 12.Rad1 e5 13.Be3 Be6 14.Bxc5 dxc5 15.Nd5 Bxd5
16.exd5 Qd6 17.Qb3 b6 18.f4 exf4 19.Rde1+ Kd7 20.Qa4+ Kc7 21.Rxf4 Kb8 22.b4 c4
23.Qc6 Qxc6 24.dxc6 Ra7 25.Rxc4 Rd8 26.c3 Ne8 27.Rd4 Nd6 28.Rxd6 Rxd6 29.Re8+ Kc7
30.Re7+ Kb8 31.Rxa7 Rd1+ 32.Kf2 Rd2+ 33.Kf1  1-0

[Event "Shenzhen Nanshan Men 2023"]
[Site "Shenzhen CHN"]
[Date "2023.10.11"]
[Round "1.2"]
[White "Xu,Yinglun"]
[Black "Wei Yi"]
[Result "1/2-1/2"]
[WhiteElo "2532"]
[BlackElo "2726"]

1.c4 Nf6 2.Nc3 c5 3.Nf3 e6 4.g3 d5 5.cxd5 exd5 6.d4 Nc6 7.Bg2 cxd4 8.Nxd4 Bc5
9.Nb3 Bb6 10.O-O d4 11.Na4 O-O 12.Bg5 Re8 13.Re1 h6 14.Bxf6 Qxf6 15.Nxb6 axb6
16.Bxc6 bxc6 17.Qxd4 Qd8 18.a3 Qc7 19.Rad1 c5 20.Qc3 Ba6 21.Nc1 Rad8 22.Nd3 Re4
23.b4 Red4 24.bxc5 bxc5 25.Rc1 Bxd3  1/2-1/2

[Event "Shenzhen Nanshan Men 2023"]
[Site "Shenzhen CHN"]
[Date "2023.10.11"]
[Round "1.1"]
[White "Wei Yi"]
[Black "Xu,Yinglun"]
[Result "1-0"]
[WhiteElo "2726"]
[BlackElo "2532"]

1.e4 c5 2.Nf3 d6 3.d4 cxd4 4.Nxd4 Nf6 5.Nc3 a6 6.Be3 e5 7.Nb3 Be7 8.Rg1 h5
9.h3 Be6 10.Qf3 h4 11.O-O-O Nbd7 12.g3 g6 13.Nd5 Bxd5 14.exd5 Qc7 15.g4 Rc8
16.c3 Nb6 17.g5 e4 18.Qg2 Nfxd5 19.Bd4 Rh5 20.Qxe4 Kf8 21.f4 Re8 22.Re1 Qc6
23.Bg2 Bd8 24.Qf3 Rxe1+ 25.Rxe1 Nxf4 26.Qxf4  1-0

[Event "Shenzhen Nanshan Men 2023"]
[Site "Shenzhen CHN"]
[Date "2023.10.11"]
[Round "1.3"]
[White "Wei Yi"]
[Black "Xu,Yinglun"]
[Result "1-0"]
[WhiteElo "2726"]
[BlackElo "2532"]

1.d4 Nf6 2.c4 e6 3.Nf3 d5 4.Nc3 c6 5.e3 Nbd7 6.Qc2 Bd6 7.Be2 dxc4 8.Bxc4 O-O
9.O-O a6 10.a4 c5 11.dxc5 Bxc5 12.Ne4 Be7 13.Nxf6+ Nxf6 14.e4 b6 15.e5 Nd5
16.Qe4 Bb7 17.Qg4 Re8 18.Bh6 Bf8 19.Bg5 Qd7 20.Rad1 Rac8 21.Rd4 Qc7 22.Bd3 g6
23.Qh3 Ne7 24.Bf6 Bxf3 25.Rh4 Bh5 26.Rxh5  1-0

[Event "Shenzhen Nanshan Men 2023"]
[Site "Shenzhen CHN"]
[Date "2023.10.12"]
[Round "2.1"]
[White "Wei Yi"]
[Black "Xu,Xiangyu"]
[Result "0-1"]
[WhiteElo "2726"]
[BlackElo "2626"]

1.e4 e6 2.d4 d5 3.Nc3 Bb4 4.e5 Ne7 5.a3 Bxc3+ 6.bxc3 c5 7.h4 Qa5 8.Bd2 Nbc6
9.h5 h6 10.Qg4 Rg8 11.Bd3 Nf5 12.Qf4 b6 13.Nf3 Ba6 14.Bxf5 exf5 15.e6 O-O-O
16.exf7 Qb5 17.Qxf5+ Kb7 18.Kd1 Rgf8 19.Re1 cxd4 20.cxd4 Qb2 21.Rc1 Qxa3
22.Re8 Bf1 23.Qg6 Rd7 24.Re6 Rdxf7 25.Be3 Qa6 26.Ng1 Qc4 27.Qg4 Nb4 28.Nh3 Rc7
29.c3 Nd3 30.Rc2 Qb3 31.Kd2 Nb4 32.Rc1 Bb5 33.Nf4 Qb2+ 34.Kd1 Rxf4 35.Bxf4 Ba4+  0-1

[Event "Shenzhen Nanshan Men 2023"]
[Site "Shenzhen CHN"]
[Date "2023.10.12"]
[Round "2.4"]
[White "Xu,Xiangyu"]
[Black "Wei Yi"]
[Result "0-1"]
[WhiteElo "2626"]
[BlackElo "2726"]

1.d4 Nf6 2.c4 e6 3.Nc3 Bb4 4.Qc2 d5 5.a3 Bxc3+ 6.Qxc3 O-O 7.Bg5 c5 8.dxc5 d4
9.Qg3 e5 10.Nf3 Nbd7 11.e3 Re8 12.O-O-O Nxc5 13.Nxe5 Qb6 14.exd4 Nb3+ 15.Kb1 Ne4
16.Qf4 Nxg5 17.Qxg5 f6 18.Qh5 Be6 19.c5 Qc7 20.Nc4 Qf4 21.Nd6 g6 22.Qf3 Nd2+
23.Rxd2 Qxd2 24.Bb5 Rf8 25.Qe4 Bb3 26.h4 Qxf2 27.h5 f5 28.Qe7 Qxg2 29.Re1 gxh5
30.Qe3 Qc2+ 31.Ka1 Rf6 32.Rc1 f4 33.Qe1 Qg6 34.Qf2 Qg7 35.Bd3 Kh8 36.Rg1 Qe7
37.Bb1 Raf8 38.Qf3 Be6 39.Qxh5 f3 40.d5 f2 41.Rf1 Bd7 42.Ne4 Rf5 43.Qh6 Bb5
44.Nd6 R5f6  0-1

[Event "Shenzhen Nanshan Men 2023"]
[Site "Shenzhen CHN"]
[Date "2023.10.12"]
[Round "2.2"]
[White "Xu,Xiangyu"]
[Black "Wei Yi"]
[Result "1/2-1/2"]
[WhiteElo "2626"]
[BlackElo "2726"]

1.d4 Nf6 2.c4 e6 3.Nc3 Bb4 4.e3 O-O 5.Bd2 d5 6.a3 Be7 7.Nf3 c5 8.dxc5 Bxc5
9.b4 Be7 10.cxd5 exd5 11.Be2 Nc6 12.O-O Bg4 13.Nd4 Nxd4 14.Bxg4 Nc6 15.Bf3 Ne5
16.Ne2 Qd7 17.Bc3 Nxf3+ 18.gxf3 Rfc8 19.Rc1 Rc4 20.Bxf6 Rxc1 21.Qxc1 Bxf6
22.Rd1 Qh3 23.Ng3 Rd8 24.Qc7 h5 25.Qf4 Kf8 26.a4 h4 27.Nf5 g6 28.Nd4 Be7
29.Qg4 Qxg4+ 30.fxg4 Bxb4 31.Rb1 a5 32.Nc2 Rd6 33.Kf1 Ke7 34.Nxb4 axb4 35.Rxb4 b6
36.Rb5 Ke6 37.h3 Rc6 38.a5 bxa5 39.Rxa5  1/2-1/2

[Event "Shenzhen Nanshan Men 2023"]
[Site "Shenzhen CHN"]
[Date "2023.10.12"]
[Round "2.3"]
[White "Wei Yi"]
[Black "Xu,Xiangyu"]
[Result "1-0"]
[WhiteElo "2726"]
[BlackElo "2626"]

1.e4 c5 2.Nf3 d6 3.d4 cxd4 4.Nxd4 Nf6 5.Nc3 a6 6.Be2 e5 7.Nb3 Be7 8.O-O O-O
9.Be3 Be6 10.Nd5 Nbd7 11.Qd3 Bxd5 12.exd5 Nc5 13.Nxc5 dxc5 14.c4 Bd6 15.f3 Nh5
16.g3 f5 17.Bf2 Qg5 18.Kh1 Qh6 19.Rg1 Rae8 20.Rae1 e4 21.fxe4 fxe4 22.Qe3 Rxf2
23.Bxh5 Qxe3 24.Rxe3 Re7 25.Bg4 Rxb2 26.Be6+ Kf8 27.a3 Ke8 28.Rxe4 Rb3 29.Ra1 Kd8
30.a4 Re8 31.Rf1 Ra3 32.Rg4 Re7 33.Rf8+ Kc7 34.Rc8+ Kb6 35.Rd8 Kc7 36.Rc8+ Kb6
37.Rd8 Kc7 38.Rh8 g6 39.Rh4 Rxa4 40.R4xh7 b5 41.Rc8+ Kb6 42.Rc6+ Ka5 43.Rh4 Be5
44.Rxc5 Kb4 45.Rc6 Ka3 46.c5 Rxh4 47.gxh4 Kb4 48.Bg4 Rc7 49.Re6 Bg7 50.c6 Bf8
51.Rf6 Bc5 52.d6 Rxc6 53.d7 Rxf6 54.d8=Q Rf1+ 55.Kg2 Rf2+ 56.Kg3 Rc2 57.Qd1 Rc3+
58.Kf4 Rc4+ 59.Kg5 Be7+ 60.Kxg6 Bxh4 61.Qd2+ Kc5 62.Be6  1-0

[Event "Shenzhen Nanshan Men 2023"]
[Site "Shenzhen CHN"]
[Date "2023.10.13"]
[Round "3.2"]
[White "Wei Yi"]
[Black "Bu Xiangzhi"]
[Result "1/2-1/2"]
[WhiteElo "2726"]
[BlackElo "2690"]

1.e4 e5 2.Nf3 Nc6 3.Bc4 Bc5 4.c3 Nf6 5.d3 d6 6.Bg5 h6 7.Bh4 a5 8.Nbd2 Qe7
9.O-O Bg4 10.Kh1 g5 11.Bg3 Nh5 12.Qb3 O-O 13.Qxb7 a4 14.b4 Bb6 15.Qxc6 Bd7
16.Bxf7+ Qxf7 17.Qc4 Be6 18.Qc6 Bd7 19.Qc4 Be6 20.Qc6 Bd7 21.Qc4  1/2-1/2

[Event "Shenzhen Nanshan Men 2023"]
[Site "Shenzhen CHN"]
[Date "2023.10.13"]
[Round "3.1"]
[White "Bu Xiangzhi"]
[Black "Wei Yi"]
[Result "0-1"]
[WhiteElo "2690"]
[BlackElo "2726"]

1.d4 Nf6 2.c4 e6 3.Nc3 Bb4 4.e3 O-O 5.Ne2 Re8 6.a3 Bf8 7.d5 a5 8.g3 exd5
9.cxd5 Na6 10.Bg2 Nc5 11.O-O b6 12.Qc2 Ba6 13.Rd1 Ng4 14.Nd4 a4 15.Nxa4 Nxa4
16.Qxa4 Be2 17.Qc2 Bxd1 18.Qxd1 Nf6 19.b3 g6 20.Bb2 Bg7 21.Qc2 Rc8 22.b4 Qe7
23.h3 Ne4 24.Rd1 h5 25.a4 f5 26.Nb5 Qxb4 27.Ba3 Qa5 28.Bxe4 fxe4 29.Nxc7 Kh7
30.Rb1 b5 31.d6 bxa4 32.Qd1 Rf8 33.Rb5 Qc3 34.Bb2 Qd3 35.Rxh5+ gxh5 36.Qxh5+ Bh6
37.Qe5 Qd1+  0-1

[Event "Shenzhen Nanshan Men 2023"]
[Site "Shenzhen CHN"]
[Date "2023.10.13"]
[Round "3.3"]
[White "Bu Xiangzhi"]
[Black "Wei Yi"]
[Result "0-1"]
[WhiteElo "2690"]
[BlackElo "2726"]

1.Nf3 d5 2.d4 Nf6 3.c4 e6 4.Nc3 c6 5.Qb3 Nbd7 6.Bg5 Be7 7.e3 O-O 8.Be2 h6
9.Bh4 b6 10.O-O Bb7 11.Rfd1 Rc8 12.Rac1 dxc4 13.Qxc4 b5 14.Qb3 a6 15.Ne5 Nxe5
16.Bxf6 Nd7 17.Bxe7 Qxe7 18.Bf3 Rfd8 19.h3 Nf6 20.Qc2 e5 21.dxe5 Qxe5 22.Ne4 Nxe4
23.Bxe4 Rxd1+ 24.Rxd1 Qe7 25.b4 Re8 26.Bf3 Qxb4 27.Bxc6 Rc8 28.Qf5 g6 29.Qd7 Rxc6
30.Qxb7 Re6 31.Qc7 Kg7 32.Qd8 Qb2 33.Rd2 Qa1+ 34.Kh2 Qe5+ 35.g3 Rc6 36.h4 Qe4
37.a3 Rc1 38.Qd4+ Qxd4 39.Rxd4 Rc3 40.a4 Rc4  0-1

[Event "TCh-CHN DivA Finals 2023"]
[Site "Nanjing CHN"]
[Date "2023.12.02"]
[Round "1.18"]
[White "Ye Jiangchuan"]
[Black "Wei Yi"]
[Result "0-1"]
[WhiteElo "2603"]
[BlackElo "2729"]

1.e4 c6 2.Nc3 d5 3.Nf3 Bg4 4.h3 Bh5 5.g4 Bg6 6.exd5 cxd5 7.Ne5 Nc6 8.d4 f6
9.Nxg6 hxg6 10.Be3 e6 11.Qd3 Kf7 12.h4 Rc8 13.a3 Bd6 14.Bg2 Nge7 15.Kf1 a6
16.Kg1 Qb6 17.Rb1 Na5 18.Bd2 Nc4 19.Be1 Rh6 20.h5 gxh5 21.Rxh5 Rch8 22.Bf3 Nc6
23.Rxd5 exd5 24.Bxd5+ Kf8 25.Qxc4 Qxd4 26.Qxd4 Nxd4 27.Rd1 Nxc2 28.Bxb7 Be5
29.Kf1 Nxe1 30.Kxe1 Rh3 31.Bg2 Rh2 32.Bf3 Bxc3+ 33.bxc3 Ke7 34.Ke2 Rb8 35.Rd2 Rb3
36.c4 Rh3 37.Bd5 Rxa3 38.c5 Rhc3 39.c6 Ra4 40.f3 a5 41.Be4 Rxe4+ 42.fxe4 Rxc6
43.Rb2 Kd6 44.Kd3 a4 45.Rb7 Ra6 46.Kc2 a3 47.Kb1 a2+ 48.Ka1 g5 49.Rb5 Ra4
50.Rf5 Ke6 51.Rb5 Rxe4 52.Kxa2 Rxg4  0-1

[Event "TCh-CHN DivA Finals 2023"]
[Site "Nanjing CHN"]
[Date "2023.12.03"]
[Round "2.18"]
[White "Wei Yi"]
[Black "Ye Jiangchuan"]
[Result "1-0"]
[WhiteElo "2729"]
[BlackElo "2603"]

1.e4 e5 2.Nf3 Nc6 3.Bc4 Bc5 4.c3 Nf6 5.d4 exd4 6.e5 d5 7.Bb5 Ne4 8.cxd4 Bb6
9.Nc3 O-O 10.Be3 Ne7 11.Bd3 Nxc3 12.bxc3 Bf5 13.Bg5 Bxd3 14.Qxd3 Qd7 15.Nh4 c5
16.O-O cxd4 17.cxd4 Nc6 18.Nf5 Qe6 19.Bf6 Rfc8 20.Nxg7 Qg4 21.Nf5 Qg6 22.Rac1 Re8
23.Qh3 Bd8 24.Bxd8 Raxd8 25.Rc3 Kh8 26.Rg3 Qe6 27.Rg7 h6 28.Rg4 Rg8 29.Nxh6 Rxg4
30.Nf5+ Kg8 31.Qxg4+ Qg6 32.Qf4 Rd7 33.Re1 Ne7 34.Nh6+ Kg7 35.Nxf7 Qf5 36.Qh6+  1-0

[Event "TCh-CHN DivA Finals 2023"]
[Site "Nanjing CHN"]
[Date "2023.12.04"]
[Round "3.17"]
[White "Wei Yi"]
[Black "Wan Yunguo"]
[Result "1-0"]
[WhiteElo "2729"]
[BlackElo "2508"]

1.e4 c6 2.f3 d5 3.d4 Qb6 4.Nc3 e6 5.a3 Nf6 6.e5 Nfd7 7.f4 c5 8.Nf3 Nc6 9.dxc5 Bxc5
10.Bd3 f6 11.exf6 gxf6 12.Qe2 Kd8 13.b4 Nd4 14.Qf2 Nxf3+ 15.Qxf3 Bd4 16.Bb2 Qc6
17.Be2 a5 18.b5 Qd6 19.O-O-O Bxc3 20.Qxc3 Qxf4+ 21.Kb1 Re8 22.Rhf1 Qd6 23.Rxf6 Nxf6
24.Qxf6+ Qe7 25.Rxd5+ Bd7 26.Qf2 exd5 27.Bf6 Qxf6 28.Qxf6+ Re7 29.Bh5  1-0

[Event "TCh-CHN DivA Finals 2023"]
[Site "Nanjing CHN"]
[Date "2023.12.05"]
[Round "4.2"]
[White "Peng,Xiongjian"]
[Black "Wei Yi"]
[Result "0-1"]
[WhiteElo "2525"]
[BlackElo "2729"]

1.e4 c5 2.Nf3 d6 3.d4 cxd4 4.Nxd4 Nf6 5.Nc3 a6 6.Be3 e5 7.Nb3 Be6 8.f3 h5
9.Qd2 Nbd7 10.O-O-O Be7 11.Kb1 Rc8 12.h4 b5 13.a3 O-O 14.Be2 Nb6 15.Na5 d5
16.Nxd5 Nbxd5 17.exd5 Nxd5 18.Bg5 f6 19.c4 bxc4 20.Bxc4 Rxc4 21.Nxc4 fxg5
22.Nxe5 Qc7 23.Rhe1 Bxa3 24.Rc1 Bb4 25.Qxg5 Nc3+ 26.bxc3 Bxc3 27.Nc6 Qb6+
28.Kc2 Qb3+ 29.Kd3 Bf6+ 30.Ke2 Bxg5 31.hxg5 Bc4+  0-1

[Event "5th SCO Teams 2023"]
[Site "Qingdao CHN"]
[Date "2023.12.17"]
[Round "1.10"]
[White "Wei Yi"]
[Black "Dubov,Daniil"]
[Result "1/2-1/2"]
[WhiteElo "2729"]
[BlackElo "2710"]

1.d4 Nf6 2.c4 g6 3.Nc3 Bg7 4.e4 d6 5.h3 O-O 6.Nf3 Re8 7.Bg5 Nc6 8.d5 Nb4
9.Be2 e6 10.O-O h6 11.Be3 exd5 12.exd5 Na6 13.Qd2 Kh7 14.Bd4 Nc5 15.Rfe1 Bf5
16.Bf1 Nce4 17.Nxe4 Bxe4 18.Re3 Bxf3 19.Rxf3 Ne4 20.Qd3 f5 21.Re1 Qd7 22.Rfe3 Bxd4
23.Qxd4 Qg7 24.Qxg7+ Kxg7 25.g4 Re5 26.f4 Re7 27.Bd3 Rae8 28.Bxe4 fxe4 29.Kf2 g5
30.Kg3 Kg6 31.R1e2 gxf4+ 32.Kxf4 Rf7+ 33.Kg3 Rfe7 34.Kf4 Rf7+ 35.Kg3 Rfe7
36.Rf2 Re5 37.h4  1/2-1/2

[Event "5th SCO Teams 2023"]
[Site "Qingdao CHN"]
[Date "2023.12.17"]
[Round "2.7"]
[White "Khusenkhojaev,Muhammad"]
[Black "Wei Yi"]
[Result "0-1"]
[WhiteElo "2366"]
[BlackElo "2729"]

1.d4 Nf6 2.c4 g6 3.g3 Bg7 4.Bg2 O-O 5.Nc3 Nc6 6.Nf3 d5 7.cxd5 Nxd5 8.O-O Nb6
9.d5 Na5 10.Qc2 c6 11.dxc6 Nxc6 12.Rd1 Bd7 13.Bf4 Rc8 14.Rac1 e5 15.Bg5 Qe8
16.Ne4 Bf5 17.Nh4 Nd4 18.Qd3 Bg4 19.f3 Rxc1 20.Rxc1 Bd7 21.Bf1 f6 22.Be3 Bc6
23.Qa3 a6 24.Bf2 Kh8 25.e3 Nxf3+ 26.Nxf3 Bxe4 27.Nd2 Bc6 28.Bg2 Qd7 29.Ne4 Rd8
30.Nc5 Qd2 31.Nb3 Qe2 32.Bxc6 bxc6 33.e4 Nc8 34.Qc5 Qxe4 35.Na5 h5 36.Nxc6 Rd5
37.Qc2 Nd6 38.Ne7 Qxc2 39.Rxc2 Rd1+ 40.Kg2 Kh7 41.b4 Rd3 42.a4 Ne4 43.Bb6 Nc3
44.b5 Nxa4 45.bxa6 Nxb6 46.a7 Ra3 47.Rc7 Ra2+ 48.Kf1 e4 49.Rb7 Nc4 50.Nc6 Ne5
51.Nd4 Nf3 52.Ne6 e3  0-1

[Event "5th SCO Teams 2023"]
[Site "Qingdao CHN"]
[Date "2023.12.17"]
[Round "3.7"]
[White "Wei Yi"]
[Black "Gong,Sunle"]
[Result "1-0"]
[WhiteElo "2729"]
[BlackElo "2175"]

1.d4 d5 2.Bf4 c5 3.e3 Nc6 4.Nf3 Bg4 5.Nbd2 cxd4 6.exd4 e6 7.c3 Bd6 8.Bg3 Nge7
9.Bd3 Bf5 10.Qe2 Bxd3 11.Qxd3 Nf5 12.O-O O-O 13.Rfe1 Qc7 14.a4 Rfc8 15.Rac1 Na5
16.b3 Qe7 17.Bxd6 Qxd6 18.g3 Rd8 19.Kg2 Rac8 20.h4 Qb6 21.h5 h6 22.Ne5 Rc7
23.b4 Nc4 24.Ndxc4 dxc4 25.Qf3 Qd6 26.Kh2 Qd5 27.Qf4 Nd6 28.Qg4 Re8 29.Re2 f6
30.b5 a6 31.b6 Rcc8 32.Nd7 Ne4 33.Qxe4 Qxd7 34.Rce1 Rc6 35.d5 Rc5 36.dxe6 Rxh5+
37.Kg2 Qd5 38.f4 Rxe6 39.Qxd5  1-0

[Event "5th SCO Teams 2023"]
[Site "Qingdao CHN"]
[Date "2023.12.17"]
[Round "4.10"]
[White "Thapa,K"]
[Black "Wei Yi"]
[Result "0-1"]
[WhiteElo "1944"]
[BlackElo "2729"]

1.d4 g6 2.c4 Bg7 3.Nc3 d6 4.g3 Nf6 5.Bg2 O-O 6.Nf3 Nc6 7.O-O e5 8.dxe5 dxe5
9.Bg5 Be6 10.Nd5 Bxd5 11.cxd5 Qxd5 12.Qxd5 Nxd5 13.Nxe5 Nxe5 14.Bxd5 c6 15.Bg2 Nc4
16.Rab1 Bxb2 17.Rfd1 Rab8 18.Rd7 Nb6 19.Re7 Ba3 20.Re3 Bc5 21.Rc3 Bd6 22.e4 Rfe8
23.Be3 Bc7 24.a4 Nxa4 25.Ra3 b5 26.Bxa7 Ra8 27.Be3 Rac8 28.Bh3 Rcd8 29.Rc1 c5
30.Rb3 b4 31.Bxc5 Nxc5 32.Rxc5 Rd1+ 33.Kg2 Bd6 34.Rd5 Rxd5 35.exd5 Re5 36.Rd3 Re2
37.Kf3 Rc2 38.Bf1 f5 39.h4 Kf7 40.Be2 Kf6 41.Bd1 Rb2 42.Re3 Be5 43.Bb3 Bd4  0-1

[Event "5th SCO Teams 2023"]
[Site "Qingdao CHN"]
[Date "2023.12.17"]
[Round "5.4"]
[White "Wei Yi"]
[Black "Mousavi,Se"]
[Result "1-0"]
[WhiteElo "2729"]
[BlackElo "2501"]

1.e4 c5 2.Nf3 e6 3.c3 Nf6 4.e5 Nd5 5.a3 Nc6 6.d4 cxd4 7.cxd4 d6 8.Bd3 Be7
9.O-O O-O 10.Qe2 Bd7 11.Nc3 Nxc3 12.bxc3 dxe5 13.dxe5 Na5 14.Rd1 Qc7 15.Ng5 g6
16.Nxh7 Rfd8 17.Nf6+ Bxf6 18.exf6 Ba4 19.Qe3 Qxc3 20.Qh6 Qxf6 21.Bg5 Qd4
22.Bf1  1-0

[Event "5th SCO Teams 2023"]
[Site "Qingdao CHN"]
[Date "2023.12.18"]
[Round "6.13"]
[White "Wang,Tongsen"]
[Black "Wei Yi"]
[Result "0-1"]
[WhiteElo "2395"]
[BlackElo "2729"]

1.d4 Nf6 2.c4 e6 3.g3 c5 4.d5 exd5 5.cxd5 d6 6.Nc3 g6 7.Nf3 Bg7 8.Bg2 O-O
9.O-O Re8 10.Nd2 Nbd7 11.a4 a6 12.Nc4 Nb6 13.Na3 Bd7 14.a5 Nc8 15.Nc4 Bb5
16.Qb3 Bxc4 17.Qxc4 b5 18.axb6 Nxb6 19.Qd3 c4 20.Qc2 Nfd7 21.Be3 Rxe3 22.fxe3 Qe7
23.Qe4 Ne5 24.g4 Nbd7 25.h3 Bh6 26.Rf4 Nc5 27.Qc2 Rb8 28.Ne4 Bxf4 29.exf4 Ned7
30.Qxc4 Rxb2 31.g5 Nxe4 32.Bxe4 Nc5 33.Bf3 Qe3+ 34.Kg2 h6 35.h4 Nd3 36.Qc8+ Kh7
37.Qf8 Qf2+ 38.Kh3 Nxf4+ 39.Kg4 h5+ 40.Kxf4 Rb4+ 41.e4 Qh2+  0-1

[Event "5th SCO Teams 2023"]
[Site "Qingdao CHN"]
[Date "2023.12.18"]
[Round "7.1"]
[White "Wei Yi"]
[Black "Batchuluun,T"]
[Result "1-0"]
[WhiteElo "2729"]
[BlackElo "2458"]

1.e4 e5 2.Nf3 Nc6 3.Bb5 Nf6 4.d3 Bc5 5.Nc3 a6 6.Bxc6 dxc6 7.h3 Nd7 8.Qe2 f6
9.Be3 Bxe3 10.Qxe3 c5 11.O-O-O b6 12.g4 Bb7 13.g5 fxg5 14.Rdg1 Qf6 15.Rxg5 g6
16.h4 Rf8 17.Rh3 O-O-O 18.h5 Rf7 19.Rhg3 Rg8 20.b3 Bc6 21.Kb2 Kb7 22.hxg6 Rxg6
23.Rxg6 hxg6 24.Ng5 Rg7 25.Rf3 Qe7 26.Nd5 Bxd5 27.exd5 Qd6 28.c4 c6 29.Ne4 Qe7
30.Qh6 cxd5 31.cxd5 Nb8 32.Nd6+ Ka8 33.Nc8 Qb7 34.Nxb6+ Ka7 35.Rf6 Rf7 36.Nc8+ Ka8
37.Nd6 Rxf6 38.Nxb7 Rxf2+ 39.Kc3 Kxb7 40.Qg7+ Ka8 41.d6 Rf4 42.Qxe5 Rf5 43.Qe4+ Ka7
44.Qe7+ Kb6 45.Qc7+  1-0

[Event "5th SCO Teams 2023"]
[Site "Qingdao CHN"]
[Date "2023.12.18"]
[Round "8.13"]
[White "Wei Yi"]
[Black "Orozbaev,Eldiar"]
[Result "1-0"]
[WhiteElo "2729"]
[BlackElo "2305"]

1.Nf3 c5 2.e4 d6 3.d4 cxd4 4.Nxd4 Nf6 5.Nc3 Nc6 6.Bg5 Bd7 7.Nxc6 Bxc6 8.Bxf6 gxf6
9.Bb5 Qa5 10.Qd5 Qxb5 11.Nxb5 Bxd5 12.exd5 Rc8 13.O-O-O a6 14.Nd4 Rg8 15.g3 Rg5
16.Nb3 Re5 17.f4 Re2 18.Rd2 Re4 19.c3 e5 20.dxe6 fxe6 21.Kc2 f5 22.Nd4 Ke7
23.Nf3 h6 24.Rhd1 Rc6 25.Rf2 Bg7 26.Kd3 Bf6 27.a3 a5 28.Nd2 Ra4 29.Kc2 Rd4
30.Re1 Rd5 31.a4 b5 32.axb5 Rxb5 33.Ra1 d5 34.Rf3 d4 35.Ra4 Kf7 36.Rd3 dxc3
37.bxc3 Rbc5 38.c4 Rb5 39.Nb3 Rb4 40.Rxb4 axb4 41.c5 Ra6 42.Rd7+ Ke8 43.Rb7 Bc3
44.Kd3 e5 45.fxe5 Bxe5 46.Rxb4 Ra2 47.Rh4 Bg7 48.Nd4 Bf6 49.Rxh6 Be7 50.c6 f4
51.Rh8+ Bf8 52.c7 Ra3+ 53.Kc4 Ra8 54.Ne6  1-0